KOHA-Header-6

Visual Modelling Technique (Record no. 5979)

000 -LEADER
fixed length control field 00268nam a2200109Ia 4500
008 - FIXED-LENGTH DATA ELEMENTS--GENERAL INFORMATION
fixed length control field 190906s9999||||xx |||||||||||||| ||und||
100 ## - MAIN ENTRY--PERSONAL NAME
Personal name Tkach, Fang,
245 #0 - TITLE STATEMENT
Title Visual Modelling Technique
260 ## - PUBLICATION, DISTRIBUTION, ETC. (IMPRINT)
Place of publication, distribution, etc New York
Name of publisher, distributor, etc Addison - Wesley
Date of publication, distribution, etc 1996
300 ## - PHYSICAL DESCRIPTION
Extent 426
942 ## - ADDED ENTRY ELEMENTS (KOHA)
Koha item type Books
Holdings
Withdrawn status Lost status Source of classification or shelving scheme Damaged status Not for loan Collection code Permanent Location Current Location Shelving location Date acquired Full call number Barcode Date last seen Price effective from Koha item type
          Computer Science MAJU MAJU Shelf No.A16 2019-09-06 005.12 75 2019-09-06 2019-09-06 Computer Science

Powered by Koha